| 000 | 00819nam a2200241 a 4500 | ||
|---|---|---|---|
| 001 | 000044263 | ||
| 005 | 20240412074303.0 | ||
| 008 | 140611s2008 dr a 000 j spa d | ||
| 020 | _a9789945445039 | ||
| 040 |
_aDO-SdBNP _bspa _cBNPHU |
||
| 082 |
_aRD863.5 _bA174r, 2008 |
||
| 100 | 1 |
_aAcevedo, Sheila _956737 |
|
| 245 | 1 | 0 |
_aRetozos : _bcuentos eróticos / _cSheila Acavedo ; ilustraciones Carlos Porfirio Gervacio. |
| 250 | _a2a ed. | ||
| 260 |
_aSanto Domingo : _bMediabyte, _c2008. |
||
| 300 |
_a102 p : _bil. ; _c21 cm. |
||
| 500 | _aIncluye datos biográficos de la autora en las solapas | ||
| 590 | _aInventariado, 2019 / DG | ||
| 650 | 0 |
_aCuentos dominicanos _9176 |
|
| 650 | 0 |
_aLiteratura dominicana. _967 |
|
| 700 | 1 | 2 |
_aGervacio, Carlos Porfirio, _eil. _972266 |
| 910 | _aValidado. Control de calidad MFF | ||
| 999 |
_c43752 _d43752 |
||